Responsabilidad por daño ambiental /

Guardado en:
Autor Principal: Besalú Parkinson, Aurora V. S.
Otros Autores: Alterini, Atilio Aníbal, (prol.)
Formato: Desconocido
Idioma:Spanish
Publicado: Buenos Aires : Hammurabi, 2005
Edición:1a. ed.
Series:Responsabilidad civil / dirigida por Alberto J. Bueres; 22
Materias:
Etiquetas: Agregar Etiqueta
Sin Etiquetas, Sea el primero en etiquetar este registro!
LEADER 01250nac a22001935a 4500
001 DER.der004805
008 180615s2005####ag#||||||||||||||#||spa||
005 20251218141708.0
245 1 0 |a Responsabilidad por daño ambiental /  |c Aurora V. S. Besalú Parkinson , con prólogo de Atilio A. Alterini. 
250 |a 1a. ed. 
260 |a Buenos Aires :  |b Hammurabi,  |c 2005 
300 |a 641 p. 
440 0 |a Responsabilidad civil / dirigida por Alberto J. Bueres; 22 
505 0 |a Dimensión jurídica del problema ambiental. El rol del derecho privado frente a la Problemática ambiental. Impacto de la problemática ambiental en la concepción clásica de la responsabilidad civil. El desarrollo sustentable. Transformación de la responsabilidad civil frente a la cuestión del medio ambiente. Tutela civil preventiva, La responsabilidad internacional. El conflicto empresa-sociedad: ¿costo comercial versus costo social?. Análisis económico del Derecho: presupuestos e implicancias básicas. Los "Riesgos del desarrollo". El riesgo permitido. La tolerabilidad. 
020 |a 9508911972 
100 1 |a Besalú Parkinson, Aurora V. S. 
700 1 |a Alterini, Atilio Aníbal,  |e prol. 
650 7 |a DERECHO AMBIENTAL 
859 |a DERECHO  |b BIB. DERECHO  |h 344.046  |i BES  |p 005454